=LDR 00000nam 2200000 4500 =001 INLIS000000000014407 =005 20130612105704 =008 ***********************************Ind** =035 ##$$0010-061300000014407 =041 ##$$a Ind =082 ##$$a 658.86 =090 ##$$a 658.86, Had m =100 ##$$a Hadi, Pranowo =245 ##$$a Manajemen mini market, Pranowo Hadi =260 ##$$a 2004 $b Yogyakarta =300 ##$$a 128 hlm, 21 cm =650 ##$$a Toko serba ada =850 ##$$a NBPNMAT